000 00717cam a2200193u 4500
001 000001149
005 20200929145504.0
008 840621s1960 cu a 000 0 spa
010 _a62001576
040 _aDO-SdBNP
_cCarP
_dDLC
050 0 0 _aR476.V35
_bL6
100 2 _aLopez Sanchez, Jose,
_d1911- [from old catalog]
_93924
245 1 3 _aEl primer medico cubano, Diego Vazquez de Hinostrosa.
260 _aHabana, :
_bOficina del Historiador de la Ciudad de La Habana,
_c1960.
300 _a45 p. :
_billus. ;
_c22 cm.
600 2 0 _aVazquez de Hinostrosa, Diego,
_db. 1626. [from old catalog]
_93925
830 0 _aCuadernos de historia habanera,
_v70. [from old catalog]
_93453
910 _aCatalogación por copia / LC
999 _c1102
_d1102